000 00682nac a22001811u 4500
020 _a9812406190
082 _a621.3822
_bM4821
090 _c870
_d870
100 _aMeador, Don A.
245 _aAnalog signal processing with Laplace transforms and active filter design /
_cDon Meador.
260 _aUnited Kingdom :
_bDelmar, Thomson Learning,
_cc2002.
300 _axii, 514 p. :
_bill. ;
_c25 cm.
500 _aIncludes index.
650 _aSignal processing.
650 _aLaplace transformation.
942 _cBB
_k621.3822M4821
999 _c870
_d870